Catalog

Record Details

Catalog Search



Available copies

  • 2 of 3 copies available at LARL/NWRL Consortium.
  • 2 of 2 copies available at Northwest Regional Library. (Show)

Current holds

0 current holds with 3 total copies.

Show Only Available Copies
Location Call Number / Copy Notes Barcode Shelving Location Status Due Date
Thief River Falls Public Library MCC (Text) 35500005138290 Main Available -
Warroad Public Library MCC (Text) 35500003689948 Main Available -
Moorhead Public Library M McC (Text) 33500008287500 Main Checked out 07/18/2026

Record details

  • ISBN: 0375422986
  • Physical Description: 247 p. ; 22 cm.
  • Publisher: New York : Pantheon Books, 2004.
Subject: Adult Mystery
Housekeepers > Fiction.
Stockbrokers > Crimes against > Fiction.
Women editors > Fiction.
Edinburgh (Scotland) > Fiction.
Genre: Mystery fiction.
LDR 01487cam a22003498a 4500
00152582
003LARL_NWRL_CONSORTIUM
00520040310144321.0
008040302s2004 nyu 000 1 eng
020 . ‡a0375422986
035 . ‡a(OCoLC)54685985
03500. ‡ilcmarc/BCM-8443/LARLTECH
040 . ‡aDLC ‡cDLC
08200. ‡a813/.54 ‡222
099 . ‡aMcC
1001 . ‡aMcCall Smith, Alexander, ‡d1948- ‡0(LARL_NWRL_CONSORTIUM)91145
24514. ‡aThe Sunday philosophy club ‡n#1 / ‡cAlexander McCall Smith
260 . ‡aNew York : ‡bPantheon Books, ‡c2004.
300 . ‡a247 p. ; 22 cm.
4900 . ‡aIsabel Dalhousie ; ‡v1
650 . ‡aAdult Mystery
650 0. ‡aHousekeepers ‡vFiction. ‡0(LARL_NWRL_CONSORTIUM)169685
650 0. ‡aStockbrokers ‡xCrimes against ‡vFiction.
650 0. ‡aWomen editors ‡vFiction. ‡0(LARL_NWRL_CONSORTIUM)167950
651 0. ‡aEdinburgh (Scotland) ‡vFiction. ‡0(LARL_NWRL_CONSORTIUM)164876
655 7. ‡aMystery fiction. ‡2gsafd
901 . ‡a52582 ‡bOCLC ‡c52582 ‡tbiblio

Additional Resources